00468nam a2200157Ia 45000010006000000050017000060080041000230410008000640820033000721100052001052450100001572600009002573000028002666500008002946540008003021272220260306163002.0260306t2019||||xx |||||||||||||| ||spa|| aESP aHR 985.01bN° 2 2019 COARPE aColegio Profesional de Arqueólogos del Perú 0aArqueología peruana del COARPE :brevista del Colegio Profesional de Arqueólogos del Perú c2019 a357 páginas :c30 cm. aGEN aCHU